00463 2200181 4500001002100000005001500021035001900036245005300055100001200108300004000120260004400160082000700204084001300211022001300224863001600237990001400253990001400267INLIS00000000000051520210302100942$a 0010-0321000008$a ANCAS: Dadia pemuda sing doyan kerja /$c Yusmanto$a Yusmanto$a 42 hlm : $b ilus ; $c 18.5 x 26.5 cm$a Purwokerto :$b Yayasan Carablaka,$c 2020$a 050$a 050 YUS a$a 2087-023x$a Agustus 2020$a M0080/2020$a M0081/2020